Central Library OPAC University of Rajshahi

Pentonville : (Record no. 49654)

MARC details
000 -LEADER
fixed length control field 00850cam a2200253 a 4500
001 - CONTROL NUMBER
control field 49654
003 - CONTROL NUMBER IDENTIFIER
rucl marc code BD-RjUL
005 - DATE AND TIME OF LATEST TRANSACTION
control field 20211209054717.0
008 - FIXED-LENGTH DATA ELEMENTS--GENERAL INFORMATION
fixed length control field 160822s1963 enk 000 0 eng d
035 ## - SYSTEM CONTROL NUMBER
System control number (BD-RjUL)49774
System control number 2410944
040 ## - CATALOGING SOURCE
Original cataloging agency NZOC
Language of cataloging eng
Transcribing agency NZOC
Modifying agency AIC
041 ## - LANGUAGE CODE
Language code of text/sound track or separate title eng
082 ## - DEWEY DECIMAL CLASSIFICATION NUMBER
Edition number 22
Classification number 365.942
Author mark and year MOP 1963
100 1# - MAIN ENTRY--PERSONAL NAME
Personal name Morris, Pauline.
9 (RLIN) 148891
245 10 - TITLE STATEMENT
Title Pentonville :
Remainder of title a sociological study of an English prison /
Statement of responsibility, etc. by Terence Morris and Pauline Morris ; assisted by Barbara Barer.
260 ## - PUBLICATION, DISTRIBUTION, ETC. (IMPRINT)
Place of publication, distribution, etc. London :
Name of publisher, distributor, etc. Routledge & Kegan Paul,
Date of publication, distribution, etc. 1963.
300 ## - PHYSICAL DESCRIPTION
Pagination xv, 398, 13 p. ;
Size 23 cm.
610 20 - SUBJECT ADDED ENTRY--CORPORATE NAME
Corporate name or jurisdiction name as entry element Pentonville Prison.
700 1# - ADDED ENTRY--PERSONAL NAME
Personal name Morris, Pauline.
Personal name Barer, Barbara, asisted
942 ## - ADDED ENTRY ELEMENTS (KOHA)
Source of classification or shelving scheme Dewey Decimal Classification
Koha item type Books
Holdings
Lost status Source of classification or shelving scheme Damaged status Not for loan Collection code Permanent Location Current Location Shelving location Date acquired Source of acquisition Cost, normal purchase price Total Checkouts Full call number Date last seen Copy number Koha item type
  Dewey Decimal Classification     Non-fiction Central Library, University of Rajshahi Central Library, University of Rajshahi   22/08/2016 Sweets & Zeetlinger 50.00   365.942 MOP 1963 22/08/2016 C-2 Books
  Dewey Decimal Classification     Non-fiction Central Library, University of Rajshahi Central Library, University of Rajshahi   08/03/1966 Zeitlinger     365.942 MOP 1963 24/08/2016 C-3 Books
  Dewey Decimal Classification     Non-fiction Central Library, University of Rajshahi Central Library, University of Rajshahi   08/03/1966 Zeitlinger 0.00   365.942 MOP 1963 29/08/2016 C-4 Books